Kľúčová slovenská dráma vznikne ako kolektívne dielo

Bibliographic Details
Format: Article
Language:Slovak
ISSN:1337-1800
Subjects:

MARC

LEADER 00000nab a2200000 a 4500
001 vtls009466146
003 SK-MaSNL
005 20260304154218.0
008 250507c2008 xo mr|p|||||||000 b|slo
015 |a SNBRB2009/01  |2 snkbucl 
035 |a (sysno)vtls009466146 
035 |a urn:nbn:sk:snk-ab6iw0 
035 |a (uuid)7e886bd7-9ea4-4e1f-961a-f8d6fccfc429 
035 |a (urnnbn)urn:nbn:sk:snk:ar-004e1z 
038 |a SNKBUCL 
040 |a SNKBUCL  |b slo  |c SNKBUCL  |e AACR2 
041 0 |a slo 
044 |a xo  |c SK 
080 |a 821.162.4-2  |2 2001 
245 0 0 |a Kľúčová slovenská dráma vznikne ako kolektívne dielo  |c [autor] (red.) 
500 |a Autorka konceptu a dramaturgička projektu: Anna Grusková 
610 2 7 |a Divadelný ústav (Bratislava, Slovensko)  |2 snkbucl  |9 33629 
610 2 7 |a Kľúčová slovenská dráma (projekt)  |2 snkbucl  |9 1478658 
650 0 7 |a slovenská dráma  |2 snkbucl  |9 78099 
773 0 |t KOD  |g Roč. 2, č. 10 (2008), s. 16  |x 1337-1800 
850 |a Slovenská národná knižnica 
852 |a Slovenská národná knižnica 
954 |a odborná, vedecká literatúra pôvodná (slovenská)  |2 lita 
958 |a article2022 
958 |a SK 
958 |a OND 
958 |a EUIPO 
999 |c 2956648  |d 2958578